000 00438nam a2200157 i 4500
001 74751
003 ES-MaACL
005 20230906172231.0
007 t|
008 040920s1976 sp ||||1| spa d
100 1 _aGonzález del Valle, Máximo.
_958595
245 1 3 _aLa alcaldesa /
_cMáximo González del Valle.
260 _aPalencia :
_b[s.n.],
_c1976 (
_fMerino)
300 _a119 p. ;
_c22 cm.
852 _aES-MaACL
_jA-6096
_bR.95166
999 _c74751
_d74751